000 01387nam a22003017a 4500
001 6551
003 FISKH
005 20250509100644.0
008 250509b cb ||||| |||| 00| 0 eng d
020 _a9780746074770
040 _aFISKH
_beng
_cFISKH
_dFISKH
050 _aQB64
082 _a523.2
100 _aTurnbull, Stephanie
245 _aSun, Moon and Stars /
_cStephanie Turnbull ; Designed by Zoe Wray ; illustrated by Kuo Kang Chen and Uwe Mayer
260 _aLondon :
_bUsborne Publishing,
_c2003.
300 _a30 unnumbered pages :
_bcolor illstrations ;
_c21 cm
505 _aL
520 _aAnswers questions such as 'What is the sun made of?" and "How did astronauts get to the moon?" plus others on what's out in space. What is the Sun made of? How did astronauts get to the Moon and what did they find there? In this book you'll find the answers and lots more about what's out in space. Sun, Moon and stars is part of an exciting new series of books for children who are beginning to read on their own. The easy-to-read text has been specially written with the help of a reading expert.
521 8 _a510
_bLexile estimate
521 8 _aL
_bRaz-Plus
650 _aAstronomy
_vPlanets
700 _aWray, Zoe
_eAuthor
700 _aChen, Kuo Kang
_eillustrator
700 _aMayer, Uwe
_eillustrator
942 _2ddc
_cBK
_n0
999 _c6551
_d6551